Kanye West - Skit #2 - Lyrics - Statistics

General Stats
  • This quiz has been taken 18 times
  • The average score is 71 of 91
Answer Stats
Answer % Correct
no
92%
no
92%
no
92%
no
92%
no
92%
no
92%
no
92%
no
92%
no
92%
no
92%
no
92%
We
92%
We
92%
We
92%
We
92%
We
92%
We
92%
We
92%
We
92%
ain't
83%
ain't
83%
Ain't
83%
Ain't
83%
Ain't
83%
ain't
83%
ain't
83%
Ain't
83%
got
83%
got
83%
got
83%
got
83%
got
83%
got
83%
got
83%
Got
83%
(got
83%
got
83%
(got
83%
got
83%
(got
83%
money,
83%
money
83%
money)
83%
broke,
75%
broke,
75%
broke,
75%
broke
75%
Broke,
75%
broke,
75%
broke,
75%
broke
75%
broke,
75%
broke,
75%
broke,
75%
broke
75%
Broke,
75%
broke,
75%
broke,
75%
broke
75%
broke
75%
broke
75%
broke
75%
broke
75%
Broke
75%
broke,
75%
broke,
75%
broke,
75%
broke
75%
Don't
75%
it
75%
it,
75%
it
75%
it
75%
phi
75%
phi
75%
phi
75%
phi
75%
phi
75%
Can't
67%
get
67%
hoes
67%
hoes
67%
car
58%
car)
58%
clothes,
58%
clothes
58%
clothes)
58%
cars,
50%
Buncha
33%
n*ggas
33%
spend
33%
No matching quizzes found
Score Distribution
Percent of People with Each Score
Percentile by Number Answered
Your Score History
You have not taken this quiz